[Regionálne siete v cestovnom ruchu]
Recenzia na vedeckú monografiu, ktorá sa zaoberá regionálnou spoluprácou v cestovnom ruchu.
Salvato in:
| Autore principale: | |
|---|---|
| Natura: | Capitolo di libro |
| Lingua: | slovacco |
| Soggetti: | |
| Tags: |
Nessun Tag, puoi essere il primo ad aggiungerne!!
|
MARC
| LEADER | 00000naa$a2200000$$$4500 | ||
|---|---|---|---|
| 001 | 0132437 | ||
| 005 | 20240502072510.5 | ||
| 041 | 0 | |a slo | |
| 044 | |a SK | ||
| 245 | 1 | 0 | |a [Regionálne siete v cestovnom ruchu] |c Dana Benešová |
| 520 | |a Recenzia na vedeckú monografiu, ktorá sa zaoberá regionálnou spoluprácou v cestovnom ruchu. | ||
| 610 | 2 | 0 | |a konkurencieschopnosť |
| 610 | 2 | 0 | |a ruch cestovný |
| 610 | 2 | 0 | |a služby |
| 610 | 2 | 0 | |a recenzie |
| 610 | 2 | 0 | |a spolupráca regionálna |
| 100 | 1 | |a Benešová, Dana, 1958- | |